Statistiques concernant 20 acides aminés à l'aide de leur structure

Cliquez ici pour prendre le quiz!

Statistiques générales

  • Ce quiz a été pris 883 fois
  • Le résultat moyen est 13 sur 20

Statistiques - réponses

Réponse% Correct
Glycine
77%
Phénylalanine
74%
Alanine
73%
Cystéine
73%
Tryptophane
72%
Histidine
68%
Méthionine
68%
Proline
66%
Isoleucine
64%
Leucine
61%
Tyrosine
61%
Lysine
60%
Valine
60%
Acide aspartique
59%
Acide glutamique
59%
Arginine
59%
Sérine
55%
Asparagine
52%
Glutamine
51%
Thréonine
50%

Distribution des résultats

Percentile par nombre de réponses

% des personnes avec chaque résultat

Votre développement - résultats

Vous n’avez pas pris ce quiz